| 000 | 00310 a2200085 4500 | ||
|---|---|---|---|
| 082 | _a624.1513 GEO | ||
| 245 |
_aGeotehnical Aspects of Hydropower Projects/ _cCivil Engineering Department UET Lahore |
||
| 260 |
_aPakistan : _bCivil Engineering Department UET Lahore _c2005 |
||
| 300 |
_a192p. : _bill. ; _c27 cm |
||
| 650 | _aGeotechnical engineering | ||
| 999 |
_c995 _d995 |
||